000 00662nam a2200217Ia 4500
005 20250425162729.0
008 250425s9999 xx 000 0 und d
041 _aspa
082 _a620.0046
100 _aMORROW, L. C.
245 0 _aMANUAL DE MANTENIMIENTO INDUSTRIAL: ORGANIZACION, INGENIERIA MECANICA, ELECTRICA, QUIMICA, CIVIL, PROCESOS Y SISTEMAS (TOMO 3)
250 _a1A ED.
260 _aMEXICO
260 _aMéxico
_bCONTINENTAL
_c1986
300 _a502
500 _aTítulo Traducido: MAINTENANCE ENGINEERING HANDBOOK
650 _aINGENIERIA INDUSTRIAL-MANUALES
650 _aMANTENIMIENTO MECANICO
942 _c01
010 _a103833
999 _c235287
_d235287